00962nas a2200241 a 450000500170000000800410001702200140005804000350007204100080010704400070011524500870012226000980020930000430030731000060035032100060035665000560036265000710041865000480048965000470053765100500058465100390063471000470067320170420123847.0070510b19829999ck rzp r 0 b spa d a0120-8551 aCO-BoBLA cCO-BoBLAdCO-BoIAVH0 aspa ack00aAnálisis geográficos : brevista del Instituto Geográfico Agustín Codazzi. aBogotá : bInsituto Geográfico Agustín Codazzi, Imprenta Nacional de Colombia, c1984-. bilustraciones y mapas ; c28 x 22 cm. az au26aCartografíazColombiavPublicaciones periódicas26aSistemas de información geográficavPublicaciones periódicas26aSuelozColombiavPublicaciones periódicas26aClimatologíavPublicaciones periódicas 6aBogotá (Colombia)v Publicaciones seriadas. 6aColombiav Publicaciones seriadas.2 aInstituto Geográfico Agustín Codazzí